Logo BPK

Biblioteka

Politechniki Koszalińskiej

Elementarne wprowadzenie do techniki sieci neuronowych z przykładowymi programami / (Rekord nr 35939)

Szczegóły MARC
000 -ETYKIETA REKORDU
podpole kontrolne o stałej długości 00825nam a2200229 i 4500
001 - NUMER KONTROLNY REKORDU
pole kontrolne bg
020 ## - MIĘDZYNARODOWY ZNORMALIZOWANY NUMER KSIĄŻKI - ISBN
ISBN 8371014007
040 ## - ŹRÓDŁO KATALOGOWANIA
Instytucja, która utworzyła rekord BPK
041 0# - KOD JĘZYKA
Kod języka tekstu pl
080 ## - UNIWERSALNA KLASYFIKACJA DZIESIĘTNA - UKD
UKD 004.032.26
920 ## - Międzynarodowy znormalizowany numer książki – ISBN
ISBN 83-7101-400-7
008 - POLE O STAŁEJ DŁUGOŚCI - DANE KONTROLNE
podpole kontrolne o stałej długości s pl f |000 0 pol
100 1# - NAZWA OSOBOWA
Nazwa osobowa TADEUSIEWICZ, Ryszard
245 10 - TYTUŁ/ODPOWIEDZIALNOŚĆ
Tytuł Elementarne wprowadzenie do techniki sieci neuronowych z przykładowymi programami /
Pozostałe elementy strefy tytułu i oznaczenia odpowiedzialności Ryszard Tadeusiewicz.
260 ## - STREFA ADRESU WYDAWNICZEGO
Miejsce wydania Warszawa :
Nazwa wydawcy/dystrybutora Akademicka Oficyna Wydaw. PLJ,
Data publikacji, dystrybucji/powstania dokumentu 1998.
300 ## - STREFA OPISU FIZYCZNEGO
Objętość 312 s. :
Inne cechy fizyczne rys., wykr. ;
Rozmiary 24 cm +
Dokument towarzyszący dyskietka.
490 1# - STREFA SERII I DOKUMENTU WIELOCZĘŚCIOWEGO - FORMA NIE DO WYSZUKIWANIA
Tytuł i oznaczenie odpowiedzialności serii Problemy Współczesnej Nauki. Teoria i Zastosowania / ed. serii Leonard Bolc. Informatyka
504 ## - UWAGA DOTYCZĄCA BIBLIOGRAFII
Informacje o bibliografii Indeks.
650 #9 - HASŁO PRZEDMIOTOWE W FORMIE NAZWY OGÓLNEJ LUB JEDNOSTKOWEJ
Nazwa ogólna lub geograficzna Sieci neuronowe
830 #0 - HASŁO DODATKOWE SERII LUB DOKUMENTU WIELOCZĘŚCIOWEGO - TYTUŁ UJEDNOLICONY
Tytuł ujednolicony Problemy Współczesnej Nauki. Teoria i Zastosowania (ed. serii Leonard Bolc).
Nazwa części/sekcji dzieła Informatyka
856 ## - LOKALIZACJA I DOSTĘP DO ELEKTRONICZNYCH DOKUMENTÓW ZDALNYCH
Link (URL) http://koha.tu.koszalin.pl/cgi-bin/koha/opac-detail.pl?biblionumber=35939
Tekst linku Katalog online BPK
942 ## - DODATKOWE ELEMENTY (KOHA)
Typ dokumentu Książka
Egzemplarze
Wycofany Status egzemplarza Uszkodzony Dostępność Lokalizacja stała Lokalizacja bieżąca Miejsce przechowywania Sygnatura Kod kreskowy Ostatnio wypożyczono Typ dokumentu
      Dostępny Biblioteka Politechniki Koszalińskiej Biblioteka Politechniki Koszalińskiej Wypożyczalnia BG 49149 01411447 27.11.2020 Książka
© 2023 Biblioteka Politechniki Koszalińskiej :: KOHA